Námietka proti spracovaniu osobných údajov – GDPR

Definícia pojmu námietka proti spracovaniu osobných údajov. Zákon č. 18/2018 Z.z. a nariadenie Európskeho parlamentu a Rady EÚ č. 2016/679. Vzor námietky.

Na minha lista:
Detalhes bibliográficos
Autor principal: Michalovičová, Lenka
Formato: Capítulo de Livro
Idioma:eslovaco
Assuntos:
Tags: Adicionar Tag
Sem tags, seja o primeiro a adicionar uma tag!

MARC

LEADER 00000naa a2200000 4500
001 0246577
005 20180724111825.3
041 0 |a slo 
044 |a SK 
245 1 0 |a Námietka proti spracovaniu osobných údajov – GDPR  |c Lenka Michalovičová 
520 |a Definícia pojmu námietka proti spracovaniu osobných údajov. Zákon č. 18/2018 Z.z. a nariadenie Európskeho parlamentu a Rady EÚ č. 2016/679. Vzor námietky. 
610 2 0 |a právo občianske 
610 2 0 |a právo európske 
610 2 0 |a ochrana údajov osobných 
610 2 0 |a Rada Európskej únie 
610 2 0 |a ochrana informácií 
100 1 |a Michalovičová, Lenka